Praktická reklama
Salvato in:
| Autore principale: | |
|---|---|
| Altri autori: | , |
| Natura: | Libro |
| Lingua: | ceco tedesco |
| Pubblicazione: |
Praha
Grada Publishing
1994
|
| Edizione: | 1. vyd. |
| Soggetti: | |
| Accesso online: | Visualizza in OPAC |
| Tags: |
Nessun Tag, puoi essere il primo ad aggiungerne!!
|
MARC
| LEADER | 00000nam a2200000 a 4500 | ||
|---|---|---|---|
| 005 | 20260127134225.0 | ||
| 008 | 040720e1uuu SK 0 c | ||
| 020 | |a 8071691127 | ||
| 035 | |a vtls001544506 | ||
| 035 | |a VTK21984 | ||
| 039 | 9 | |a 201711151046 |b AUTHORITY |c 201106200653 |d mskpk06 |y 200504182212 |z VLOAD | |
| 040 | |a VTHK |b slo |c VTHK | ||
| 041 | 0 | |a cze | |
| 041 | 1 | |h ger | |
| 080 | |a 659(035) | ||
| 090 | |a A 87302 | ||
| 100 | 1 | |a Schwalbe, Heinz, |d 1927- |9 363 | |
| 245 | 1 | 0 | |a Praktická reklama |
| 250 | |a 1. vyd. | ||
| 260 | |a Praha |b Grada Publishing |c 1994 | ||
| 300 | |a 153 s. brož. | ||
| 653 | 0 | |a príručky | |
| 653 | 0 | |a reklama a propagácia | |
| 700 | 1 | |a Šmejdová, Ivana |4 prk | |
| 700 | 1 | |a Zewdieová, Marcela |4 umc | |
| 910 | |a vthkonkat | ||
| 918 | |a 80-7169-112-7 | ||
| 973 | |a m 588292 D | ||
| 999 | |c 7123 |d 7123 | ||